Catálogo

36 cosas que hay que hacer para que una familia funcione bien / (Registro nro. 62978)

Detalles MARC
000 -LEADER
fixed length control field 00761nam a2200241 a 4500
001 - CONTROL NUMBER
control field 62978
005 - DATE AND TIME OF LATEST TRANSACTION
control field 20180714065218.0
008 - FIXED-LENGTH DATA ELEMENTS--GENERAL INFORMATION
fixed length control field 150622s2012 sp r 000 0 spa d
020 ## - INTERNATIONAL STANDARD BOOK NUMBER
International Standard Book Number 9788467014587
041 0# - LANGUAGE CODE
Language code of text/sound track or separate title spa
082 0# - DEWEY DECIMAL CLASSIFICATION NUMBER
Classification number 646.7
Item number ABA
100 1# - MAIN ENTRY--PERSONAL NAME
Personal name Abadía, Leopoldo,
Dates associated with a name 1933-
Relator term autor
245 10 - TITLE STATEMENT
Title 36 cosas que hay que hacer para que una familia funcione bien /
Statement of responsibility, etc. Leopoldo Abadía.
250 ## - EDITION STATEMENT
Edition statement [Primera edición]
264 #1 - PRODUCTION, PUBLICATION, DISTRIBUTION, MANUFACTURE, AND COPYRIGHT NOTICE
Place of production, publication, distribution, manufacture España :
Name of producer, publisher, distributor, manufacturer ESPASA,
Date of production, publication, distribution, manufacture, or copyright notice 2012
300 ## - PHYSICAL DESCRIPTION
Extent 206 páginas ;
Dimensions 20 cm.
336 ## - CONTENT TYPE
Content type term texto
Source rdacontent
337 ## - MEDIA TYPE
Media type term sin mediación
Source rdamedia
338 ## - CARRIER TYPE
Carrier type term volumen
Source rdacarrier
490 0# - SERIES STATEMENT
Series statement Divulgación. Actualidad
Volume/sequential designation 3323
650 #4 - SUBJECT ADDED ENTRY--TOPICAL TERM
Topical term or geographic name entry element Relaciones de familia
650 #4 - SUBJECT ADDED ENTRY--TOPICAL TERM
Topical term or geographic name entry element Educación para la vida familiar
Existencias
Withdrawn status Lost status Source of classification or shelving scheme Damaged status Not for loan Collection code Home library Current library Shelving location Date acquired Source of acquisition Inventory number Total Checkouts Full call number Barcode Date last seen Price effective from Koha item type
    Dewey Decimal Classification     General Biblioteca Karol Wojtyla Biblioteca Karol Wojtyla Sala general 22/06/2015 Compra 151000000000000000025598   646.7 ABA 2012 94146 05/01/2026 06/03/2017 Libro